Karavamadu valarthal (Record no. 162918)

MARC details
000 -LEADER
fixed length control field 00630nam a22002057a 4500
003 - CONTROL NUMBER IDENTIFIER
control field OSt
082 ## - DEWEY DECIMAL CLASSIFICATION NUMBER
Classification number IR 636.234
Item number JOS/KA
100 ## - MAIN ENTRY--PERSONAL NAME
Personal name Joseph Mathew
245 ## - TITLE STATEMENT
Title Karavamadu valarthal
Remainder of title /കറവമാടു വളര്‍ത്തല്‍
260 ## - PUBLICATION, DISTRIBUTION, ETC. (IMPRINT)
Place of publication, distribution, etc Mannuthy
Name of publisher, distributor, etc Kerala Agricultural University
Date of publication, distribution, etc 1994
300 ## - PHYSICAL DESCRIPTION
Extent 45p.
500 ## - GENERAL NOTE
General note Karava madu Valarthal
500 ## - GENERAL NOTE
General note Karavamad Valarthal
500 ## - GENERAL NOTE
General note കൃഷിവിജ്ഞാനമഞ്ജരി <br/>പുസ്തകം - 43
546 ## - LANGUAGE
Language note Malayalam
700 ## - ADDED ENTRY--PERSONAL NAME
Personal name Sathain, C T
700 ## - ADDED ENTRY--PERSONAL NAME
Personal name Ramachandran, P
700 ## - ADDED ENTRY--PERSONAL NAME
Personal name Stephen Mathew
942 ## - ADDED ENTRY ELEMENTS (KOHA)
Source of classification or shelving scheme Dewey Decimal Classification
Koha item type KAU Publications
Holdings
Lost status Source of classification or shelving scheme Damaged status Not for loan Collection code Home library Current library Shelving location Date acquired Cost, normal purchase price Total Checkouts Full call number Barcode Date last seen Koha item type
  Dewey Decimal Classification   Not For Loan KAU Publication KAU Central Library, Thrissur KAU Central Library, Thrissur IR 11/12/2018 5.00   IR 636.234 JOS/KA 810230 11/12/2018 KAU Publications
Kerala Agricultural University Central Library
Thrissur-(Dt.), Kerala Pin:- 680656, India
Ph : (+91)(487) 2372219
E-mail: librarian@kau.in
Website: http://library.kau.in/